| 000 | 00462nam a22001817a 4500 | ||
|---|---|---|---|
| 003 | MPLRDC | ||
| 005 | 20220104145024.0 | ||
| 008 | 210129b ||||| |||| 00| 0 eng d | ||
| 020 | _a7-5044-4479-0 | ||
| 082 | _a782.886 HSS | ||
| 100 | _a侯书森等 编著 | ||
| 245 |
_a(福布斯)中国内地100富豪排行榜 _c |
||
| 250 | _a初版 | ||
| 260 |
_a _b中国商业出版社 _c2003 |
||
| 300 | _b412 | ||
| 650 | _a中国传记 | ||
| 942 |
_cBK _o782.886 HSS |
||
| 999 |
_c51096 _d51086 |
||